Âm tiết không có trọng âm - Một vấn đề đối với người Việt Nam khi nghe và nói tiếng Anh.
Shranjeno v:
| Glavni avtor: | |
|---|---|
| Drugi avtorji: | |
| Format: | Knjiga |
| Jezik: | Vietnamese |
| Izdano: |
Đà Nẵng,
1992.
|
| Teme: | |
| Oznake: |
Označite
Brez oznak, prvi označite!
|
| Thư viện lưu trữ: | Mạng thư viện Đại học Đà Nẵng |
|---|
| LEADER | 01003cmm a2200337 i 4500 | ||
|---|---|---|---|
| 001 | 000044836 | ||
| 003 | 3246 | ||
| 005 | 20030508154047.0 | ||
| 008 | 010312|1992 vm 000 vie | ||
| 040 | |a IRC |c IRC |d IRC | ||
| 041 | 0 | |a vie | |
| 082 | 1 | 4 | |a 428 |b NG-B |
| 100 | 1 | |a Ngô Thị Lệ Bình. | |
| 245 | 0 | 0 | |a Âm tiết không có trọng âm - Một vấn đề đối với người Việt Nam khi nghe và nói tiếng Anh. |h [Thesis-Luận văn] / |c Ngô Thị Lệ Bình thực hiện; Đặng Văn Hùng hướng dẫn. |
| 260 | |a Đà Nẵng, |c 1992. | ||
| 300 | |a 92Tr. ; |c 30.5cm. | ||
| 630 | 0 | 4 | |a Anh ngữ. |
| 630 | 0 | 4 | |a Khoá luận. |
| 630 | 0 | 4 | |a Trọng âm. |
| 650 | 0 | 4 | |a Anh ngữ |x Phát âm. |
| 700 | 1 | |a Đặng Văn Hùng, |e hướng dẫn. | |
| OWN | |a DUT | ||
| 999 | |a From the UDN01 | ||
| TYP | |a Computer file | ||
| TYP | |a Monograph | ||
| 980 | |a Mạng thư viện Đại học Đà Nẵng | ||